000 00654nam a2200265Ia 4500
008 190123s9999 xx 000 0 und d
020 _a9780439050227
050 _bS528 2002
100 _aShannon, David
245 0 _aDavid gets in trouble /
245 0 _cby David Shannon.
260 _aNew York, New York :
260 _bScholastic,
260 _c2002
300 _aunpaged :
300 _bcolored illustrations ;
300 _c28cm.
500 _a160L
650 _aApologizing.
650 _aChildren --
650 _aHuman behavior.
650 _aIndividuality in children.
650 _xConduct of life.
700 _aTitle.
999 _c361043
_d361043